00297nam a2200109Ia 4500008004100000082001000041100000800051245003100059260003500090630003100125730003100156100328s9999 xx 000 0 und d b15988 a--- aComplete Library of Garden bThe Readers Digest Association aComplete Library of Garden aComplete Library of Garden